000 00331nam a22001337a 4500
008 170529b xxu||||| |||| 00| 0 eng d
020 _a0444426647
041 _aeng
080 _a62
100 _a27
101 _aIM
245 _aMANUFACTURING RESEARCH: ORGANIZATIONAL AND INSTITUTIONAL ISSUES
_cGERSTENFELD,A
942 _2udc
_cBK
999 _c14725
_d14725